| 000 | 01633nam a2200349 i 4500 | ||
|---|---|---|---|
| 001 | 000022632 | ||
| 003 | DO-SdBNP | ||
| 005 | 20260331084302.0 | ||
| 007 | ta | ||
| 008 | 101014s1997 dr ac 001 0 spa d | ||
| 040 |
_aDO-SdBNP _bspa _cBNPHU _erda |
||
| 041 | _aspa | ||
| 082 | 4 |
_a940.5451 _bW766s 1997 _222 |
|
| 100 | 1 |
_aWindt Lavandier, César de, _d1912-2007 _eautor _4aut. _946578 |
|
| 245 | 1 | 3 |
_aLa Segunda Guerra Mundial y los submarinos alemanes en el Caribe / _cCésar de Windt Lavandier ; presentación a la segunda edición, Roberto Cassá. |
| 250 | _asegunda edición ampliada y corregida | ||
| 264 | 1 |
_aSanto Domingo : _bAmigo del Hogar, _c1997. |
|
| 300 |
_a414 páginas : _bilustraciones, mapas ; _c23 cm. |
||
| 336 |
_atexto _btxt _2rdacontent |
||
| 337 |
_asin mediación _bn _2rdamedia |
||
| 338 |
_avolumen _bnc _2rdacarrier |
||
| 504 | _aBibliografía : páginas 413-414 | ||
| 505 | 0 |
_aAl lector -- _tEquivalencia de rangos -- _tSímbolos convencionales -- _tPresentación a la segunda edición / _rRoberto Cassá -- _tPrimera parte -- _tLa guerra submarina en aguas de América -- _gSegunda parte -- _tUna nueva forma de hacer la guerra-- _tTercera Parte _tLa guerra submarina en El Caribe -- _tBibliografía. |
|
| 590 | _aInventariado, 2020/YL | ||
| 650 | 4 |
_aGuerra mundial ii, 1939-1945 _xOperaciones navales submarinas _946579 |
|
| 650 | 4 |
_aGuerra mundial ii, 1939-1945 _xOperaciones navales alemanas _946580 |
|
| 650 | 4 |
_aGuerra submarina _946581 |
|
| 650 | 4 |
_aSubmarinos _946582 |
|
| 700 | 1 | 2 |
_aCassá, Roberto, _d1948- _epresentación _910888 |
| 910 | _aValidado. Control de calidad BNPHU | ||
| 942 |
_2ddc _cLBS1 |
||
| 999 |
_c22129 _d22129 |
||